| 000 | 00679nam a2200217 u 4500 | ||
|---|---|---|---|
| 005 | 20220916063552.0 | ||
| 008 | 121129s2009 r 000 0 eng d | ||
| 020 | _a9786074296068 | ||
| 035 | _aUPN01000189009 | ||
| 049 | _aI | ||
| 050 | 4 |
_aPZ85 _bM3.3 |
|
| 100 | 1 |
_aMachado, Ana María, _d1941- _929089 |
|
| 245 | 1 | 3 |
_aEl delantal que lleva el viento / _cAna María Machado ; il. Pez ; tr. Rosa S. Corgatelli. |
| 260 |
_aMéxico : _bLumen, _c2009. |
||
| 300 |
_a[28] p. : _bprincipalmente il. col. |
||
| 440 | 0 | _aInfantil | |
| 650 | 4 |
_aLITERATURA INFANTIL BRASILEÑA _911916 |
|
| 650 | 7 |
_aLibros ilustrados para niños _2 _921365 |
|
| 905 | _aInfantil | ||
| 999 |
_c161112 _d161112 |
||